00579 2200193 4500001002100000005001500021035002000036007000300056008003900059082001000098084001600108100001400124245012600138260004100264300004200305650001100347650001400358022001300372INLIS00000000000098620240919101916 a0010-0924000064ta240919 | | |  a633.1 a633.1 RON g0 aRongju Li1 aGenetic Diversity and Relationship of Shanlan Upland Rice Were Revealed Based on 214 Upland Rice SSR Markers /cRongju Li aSwitzerland, Basel :bMDPI AG,c2023 a1-13 hlm, :bilus, ;c21 cm X 29,5 cm 4aJurnal 4aPadi Gogo a22237747